Statystyki dla Postacie historyczne po zdjęciach

Kliknij tutaj aby rozwiązać quiz!

Ogólne statystyki

  • Ten quiz został rozwiązany 461 razy
  • Średni wynik to 7 z 20

Statystyki odpowiedzi

Odpowiedź% Poprawnych
Adolf Hitler
89%
Winston Churchill
86%
Józef Stalin
78%
Martin Luther King
63%
Mao Zedong
53%
Benito Mussolini
52%
Mahatma Gandhi
51%
Hirohito
46%
Grigorij Rasputin
43%
Charles de Gaulle
40%
Thomas Edison
40%
Francisco Franco
27%
Theodore Roosevelt
25%
Ernesto Che Guevara
21%
Miklos Horthy
8%
Stanisław Maczek
8%
Graham Bell
6%
Edvard Benes
4%
Franciszek Kleeberg
4%
Kurt Schuschnigg
1%

Rozkład punktacji

Percentyl według liczby udzielonych odpowiedzi

Procent ludzi z każdym wynikiem

Twoja historia wyników

Nie rozwiązałeś tego quizu